000 02734cam a22005654i 4500
003 PE-LiUPU
005 20250731173030.0
008 150623s1999 mdu rb 000 0 eng d
020 _a082801339X
035 _a(Sirsi) i9780828013390
040 _aPE-LiUPU
_bspa
_cPE-LiUPU
_erda
049 _aPRUA
082 0 4 _a266.6732
_bCh25
_221
100 1 _aDybdahl, Jon L.,
_eed.,
_eautor.
245 1 0 _aAdventist Mission in the 21st. century :
_bthe joys and challenges of presenting Jesus to a diverse world /
_cJon L. Dybdahl.
264 1 _aHagerstown, MD :
_bReview and Herald Publishing Association,
_c1999.
300 _a314 páginas ;
_c23 centímetros
336 _atext
_2rdacontent
337 _aunmediated
_2rdamedia
338 _avolume
_2rdacarrier
504 _aIncluye bibliografía.
505 0 _aThe backgound -- Biblical and theological issues -- Strategies and methods -- Case studies.
526 _aSEG42
526 _aSEG41
526 _aSEG40
526 _aSEG39
526 _aP94
526 _aP87
526 _aP86
526 _aP85
526 _aP77
526 _aP76
526 _aP35
650 1 4 _aAdventistas del Séptimo Día
_xMisiones.
942 _2ddc
_cBOOK
949 _a266.6732 CH25
_wDEWEY
_c1
_i57484
_lCCODEBUL1
_mBUL
_p38.00
_r0
_sY
_tBOOK
_u2015-6-24
_xTEOLOGIA
_PP35
_0COMPRA
_o.STAFF. Colección Teología
949 _a266.6732 CH25
_wDEWEY
_c2
_i48085
_lCCODEBUL1
_mBUL
_r0
_sY
_tBOOK
_u2015-6-24
_xTEOLOGIA
_PP35
_0COMPRA
_o.STAFF. Colección Teología
949 _a266.6732 CH25
_wDEWEY
_c3
_i50394
_lCCODEBUL1
_mBUL
_r0
_sY
_tBOOK
_u2015-6-24
_xTEOLOGIA
_PP35
_0COMPRA
_o.STAFF. Colección Teología
949 _a266.6732 CH25
_wDEWEY
_c4
_i57483
_lCCODEBUL1
_mBUL
_p38.00
_r0
_sY
_tBOOK
_u2015-6-24
_xTEOLOGIA
_PP35
_0COMPRA
_o.STAFF. Colección Teología
994 _aC0
_bPEPRU
596 _a1
999 _a266.6732 CH25
_wDEWEY
_c25004
_i57484
_e2017-6-7
_f2021-11-10
_g5
_lCCODEBUL1
_mBUL
_n1
_p38.00
_r0
_sY
_tBOOK
_u2015-6-24
_xTEOLOGIA
_PP35
_0COMPRA
_o.STAFF. Colección Teología
_d25004
999 _a266.6732 CH25
_wDEWEY
_c2
_i48085
_d2018-5-15
_e2018-5-11
_f2021-11-10
_g5
_lCCODEBUL1
_mBUL
_n2
_p10.00
_r0
_sY
_tBOOK
_u2015-6-24
_xTEOLOGIA
_PP35
_0COMPRA
_o.STAFF. Colección Teología
999 _a266.6732 CH25
_wDEWEY
_c3
_i50394
_f2021-11-10
_g5
_lCCODEBUL1
_mBUL
_p38.00
_r0
_sY
_tBOOK
_u2015-6-24
_xTEOLOGIA
_PP35
_0COMPRA
_o.STAFF. Colección Teología
999 _a266.6732 CH25
_wDEWEY
_c4
_i57483
_f2021-11-10
_g5
_lCCODEBUL1
_mBUL
_p38.00
_r0
_sY
_tBOOK
_u2015-6-24
_xTEOLOGIA
_PP35
_0COMPRA
_o.STAFF. Colección Teología
980 _81
_gALBERTO SANCHEZ Responsable de Automatización